Σάτιρα και πολιτική στη νεώτερη Ελλάδα : από τον Σολωμό ως τον Σεφέρη
Αποθηκεύτηκε σε:
| Συγγραφή απο Οργανισμό/Αρχή: | |
|---|---|
| Μορφή: | Βιβλίο |
| Γλώσσα: | Greek |
| Δημοσίευση: |
Αθήνα :
Εταιρεία Σπουδών Νεοελληνικού Πολιτισμού και Γενικής Παιδείας,
1991
|
| Σειρά: | Βιβλιοθήκη γενικής παιδείας ;
; 9 |
| Θέματα: | |
| Ετικέτες: |
Προσθήκη ετικέτας
Δεν υπάρχουν, Καταχωρήστε ετικέτα πρώτοι!
|
MARC
| LEADER | 00000nam a2200000 i 4500 | ||
|---|---|---|---|
| 001 | 1/68630 | ||
| 008 | 931202s1991 gre d | ||
| 020 | |a 960-259-015-7 | ||
| 035 | |a ΛΕΣΒΟΣb10002103 |l 10002103 | ||
| 040 | |a GR-MY-UA |b gre |e aacr | ||
| 041 | 0 | |a gre | |
| 082 | 0 | |a 938.032 | |
| 245 | 1 | 0 | |a Σάτιρα και πολιτική στη νεώτερη Ελλάδα : |b από τον Σολωμό ως τον Σεφέρη |
| 260 | |a Αθήνα : |b Εταιρεία Σπουδών Νεοελληνικού Πολιτισμού και Γενικής Παιδείας, |c 1991 | ||
| 300 | |a 325 σ. | ||
| 490 | 1 | |a Βιβλιοθήκη γενικής παιδείας |v ; 9 | |
| 650 | 0 | 0 | |a History, Modern. |
| 650 | 0 | 0 | |a World politics. |
| 710 | 2 | |a Εταιρεία Σπουδών Νεοελληνικού Πολιτισμού και Γενικής Παιδείας. | |
| 830 | 0 | |a Βιβλιοθήκη γενικής παιδείας ; |v ; 9 | |
| 852 | |a INST |b LESVOS |e 19931202 |h 938.032 ΣΑΤ |p 005100005189 |q 005100005189 |t BK |y 0 | ||
| 909 | |a Λ |b 020696 | ||